000 00316 a2200157 4500
001 46250
020 _a9788502092334
040 _cAnchieta - Aquarius
100 _aAguiar, Laura
240 1 0 _a*Formas
_lpor
245 1 0 _a*Formas
300 _a
362 0 _a2001
650 4 _aLiteratura infantil
942 _cBK
999 _c46250
_d46250